| 000 | 00821nam a22002177a 4500 | ||
|---|---|---|---|
| 999 |
_c63667 _d63667 |
||
| 005 | 20240530110653.0 | ||
| 008 | 171216s2016 ua g 000 f ara d | ||
| 017 |
_a2015/23631 _bمصر. دار الكتب |
||
| 020 | _a9789777950275 | ||
| 040 |
_aEG-CaGPL _cEG-CaGPL |
||
| 082 | 0 | 4 |
_221 _a813.00903\ _bم أ |
| 100 | 0 | _aمحمود عبدالشكور | |
| 245 | 1 | 0 |
_aاقنعة السرد : _cمقالات نقدية عن روايات مصرية وعربية وعالمية / _bمحمود عبدالشكور |
| 250 | _aط.1 | ||
| 260 |
_aالقاهرة : _bالدار المصرية اللبنانية ، _c2016 . |
||
| 300 |
_a551 ص. ؛ _c22 سم. |
||
| 650 | 0 | 7 |
_2qrmak _aالقصص العربية _xتاريخ و نقد |
| 651 | _2qrmak | ||
| 942 |
_2ddc _cBK |
||